Les villes et villages dans les films de Louis de Funès (par image) - Statistiques

Statistiques générales
  • Ce quiz a été pris 58 fois
  • Le résultat moyen est 8 sur 16
Statistiques - réponses
Par images Hint Réponse % Correct
Le Gendarme se marie Saint Tropez
98%
Le Gendarme en balade New York
93%
Le Corniaud Pise
85%
Fantomas se déchaîne Rome / Vatican
76%
La Grande vadrouille Beaune
62%
Les Grandes vacances Le Havre
58%
Le Corniaud Carcassonne
53%
Le Corniaud Naples
51%
La Grande vadrouille Vincennes
45%
Le Corniaud Bordeaux
38%
Le Corniaud Menton
33%
Le Grand restaurant Val d'Isère
25%
Sur un arbre perché Cassis
15%
Taxi, roulotte et corrida Grenade
7%
La Grande vadrouille Vézelay
7%
Le Gendarme et les extraterrestres Gassin
4%
Aucun quiz correspondant
Distribution des résultats
% des personnes avec chaque résultat
Percentile par nombre de réponses
Votre historique - résultats
Vous n’avez pas pris ce quiz